Kandydaci na prezydenta Polski w 2010 roku - Statystyki

Ogólne statystyki
  • Ten quiz został rozwiązany 35 razy
  • Średni wynik to 5 z 10
Statystyki odpowiedzi
Przynależność partyjna Wynik w 1. turze Kandydat % Poprawnych
PO 41,54% Bronisław Komorowski
100%
PiS 36,46% Jarosław Kaczyński
100%
Samoobrona 1,28% Andrzej Lepper
76%
Wolność i Praworządność 2,48% Janusz Korwin-Mikke
72%
PSL 1,75% Waldemar Pawlak
55%
SLD 13,68% Grzegorz Napieralski
52%
Prawica Rzeczypospolitej 1,06% Marek Jurek
24%
Bezpartyjny 0,13% Kornel Morawiecki
17%
Bezpartyjny 1,44% Andrzej Olechowski
14%
Polska Partia Pracy – Sierpień 80 0,18% Bogusław Ziętek
10%
Nie znaleziono quizów pasujących do podanych kryteriów
Rozkład punktacji
Procent ludzi z każdym wynikiem
Percentyl według liczby udzielonych odpowiedzi
Twoja historia wyników
Nie rozwiązałeś tego quizu